Loading...

THARAHARAM

Bibliographic Details
Main Author: PARAMESWARAN,S.ULLOOR
Format: Printed Book
Published: T kamalya book depot
Subjects:
LEADER 00439nam a2200169 4500
020
082 |a 894.812 1 PAR 
100 |a PARAMESWARAN,S.ULLOOR 
245 |a THARAHARAM  |h malayalam 
250
260 |a T  |b kamalya book depot 
300 |f hb 
650 |a THARAHARAM 
700
942 |c TB 
999 |c 152155  |d 152155 
952 |0 0  |1 0  |4 0  |6 894_812000000000000_1_PAR  |7 0  |9 165613  |a ORI  |b ORI  |l 0  |o 894.812 1 PAR  |p ORI418  |r 2019-10-25  |w 2019-10-25  |y TB